Statistics for NFL Passing Leaders of the 2000s

Click here to take the quiz!

General Stats

  • This quiz has been taken 125 times
  • The average score is 75 of 100

Answer Stats

YardsTeamPlayer% Correct
3,762NYGEli Manning
100%
4,021NYGEli Manning
100%
4,040INDPeyton Manning
100%
3,747INDPeyton Manning
100%
4,397INDPeyton Manning
100%
4,200INDPeyton Manning
100%
4,557INDPeyton Manning
100%
4,131INDPeyton Manning
100%
4,413INDPeyton Manning
100%
4,267INDPeyton Manning
100%
4,002INDPeyton Manning
100%
4,500INDPeyton Manning
100%
3,764NWETom Brady
100%
3,692NWETom Brady
100%
4,398NWETom Brady
100%
3,529NWETom Brady
100%
4,806NWETom Brady
100%
4,110NWETom Brady
100%
3,620NWETom Brady
100%
4,423NORDrew Brees
99%
4,418NORDrew Brees
99%
4,388NORDrew Brees
99%
3,576SDGDrew Brees
99%
5,069NORDrew Brees
99%
4,211DALTony Romo
99%
4,483DALTony Romo
99%
4,328PITBen Roethlisberger
98%
3,513PITBen Roethlisberger
98%
3,885GNBBrett Favre
98%
3,881GNBBrett Favre
98%
4,088GNBBrett Favre
98%
3,658GNBBrett Favre
98%
4,155GNBBrett Favre
98%
3,921GNBBrett Favre
98%
4,202MINBrett Favre
98%
3,812GNBBrett Favre
98%
4,038GNBAaron Rodgers
97%
4,434GNBAaron Rodgers
97%
4,254SDGPhilip Rivers
94%
3,388SDGPhilip Rivers
94%
4,009SDGPhilip Rivers
94%
4,830STLKurt Warner
90%
4,583ARIKurt Warner
90%
4,770HOUMatt Schaub
90%
3,875PHIDonovan McNabb
84%
3,916PHIDonovan McNabb
84%
3,836CINCarson Palmer
82%
4,131CINCarson Palmer
82%
4,035CINCarson Palmer
82%
3,853MINDaunte Culpepper
82%
3,937MINDaunte Culpepper
82%
3,479MINDaunte Culpepper
82%
4,717MINDaunte Culpepper
82%
3,459SEAMatt Hasselbeck
76%
3,966SEAMatt Hasselbeck
76%
3,841SEAMatt Hasselbeck
76%
3,430OAKRich Gannon
76%
4,689OAKRich Gannon
76%
3,828OAKRich Gannon
76%
3,886CARJake Delhomme
61%
3,639DALDrew Bledsoe
60%
4,359BUFDrew Bledsoe
60%
3,783KANTrent Green
59%
4,591KANTrent Green
59%
3,690KANTrent Green
59%
4,014KANTrent Green
59%
4,039KANTrent Green
59%
3,538SFOJeff Garcia
57%
4,278SFOJeff Garcia
57%
3,640JAXMark Brunell
57%
3,497DENJay Cutler
56%
4,526DENJay Cutler
56%
3,811TAMBrad Johnson
55%
3,693NWEMatt Cassel
55%
3,759OAKKerry Collins
53%
3,764NYGKerry Collins
53%
4,073NYGKerry Collins
53%
3,610NYGKerry Collins
53%
3,387TENSteve McNair
53%
3,964STLMarc Bulger
51%
3,845STLMarc Bulger
51%
4,301STLMarc Bulger
51%
3,653ARIJake Plummer
50%
4,089DENJake Plummer
50%
3,591CINJon Kitna
48%
4,068DETJon Kitna
48%
4,208DETJon Kitna
48%
3,732NYJVinny Testaverde
45%
3,653MIAChad Pennington
43%
3,352NYJChad Pennington
43%
3,620JAXDavid Garrard
40%
3,810NORAaron Brooks
34%
3,832NORAaron Brooks
34%
3,572NORAaron Brooks
34%
3,546NORAaron Brooks
34%
3,787CLEDerek Anderson
33%
3,464SDGDoug Flutie
26%
4,169KANElvis Grbac
26%
3,414PITTommy Maddox
26%
3,730CARSteve Beuerlein
23%

Score Distribution

Percentile by Number Answered

Percent of People with Each Score

Your Score History

You have not taken this quiz